Російсько-українсько-англійський словник-довідник найуживаніших скорочень (Запис № 393651)

МАРК-запис
000 -Лідер
fixed length control field 00796nam a22002297a 4500
003 - Ідентифікатор контрольного номера
control field UA-OsUOA
001 - Контрольний номер
control field 107451
007 - Фіксоване поле фізичного опису
fixed length control field ta
008 - Елементи даних фіксованої довжини – загальна інформація
fixed length control field 20140818b un ||||| |||| 00| 0 ukr d
090 ## - Локальний шифр розміщення
Класифікаційний індекс УДК 81'374.823
Авторський знак (НП) Р75
040 ## - Джерело каталогізації
Агенція оригінальної каталогізації UA-OsUOA
Мова каталогізації ukr
Агенція, яка здійснювала перезапис UA-OsUOA
Агенція, яка здійснювала модифікацію UA-OsUOA
041 ## - Код мови
Код мови тексту/ звукової доріжки чи окремого заголовка (П) ukr
080 ## - Індекс Універсальної десяткової класифікації
Індекс Універсальної десяткової класифікації (УДК) (НП) 81'374.823
020 ## - Міжнародний стандартний книжковий номер (ISBN)
Міжнародний стандартний книжковий номер (ISBN) (НП) 966-594-847-4
245 ## - Відомості про назву
Назва (НП) Російсько-українсько-англійський словник-довідник найуживаніших скорочень
Дані про відповідальність (НП) упоряд. В. Я. Карачун, Т. Г. Скопюк
260 ## - Публікація, розповсюдження і т.п. (Вихідні дані)
Місце публікації, розповсюдження і т.п. (П) К.
Ім’я/ наймення видавництва, розповсюджувача і т.п. (П) ВПЦ КУ
Дата публікації, розповсюдження і т.п. (П) 2006
300 ## - Фізичний опис
Обсяг 213 с.
650 #7 - Додаткове предметне введення – тематичний термін
Тематичний термін чи географічна назва, як елемент введення (НП) 8 Мовознавство. Художня література. Літературознавство
Джерело заголовка чи терміна UDC
942 ## - Додаткові елементи входу (Коха)
Тип елемента Koha Книги
955 ## - Код типу видання за змістом
Код типу видання за змістом (НП) Навчальні видання
Фонди
Стан вилучень Стан втрат Джерело класифікації або схеми стелажів Стан уражень Не для кредиту Постійне місце розташування Поточне розміщення Дата придбання Джерело придбання Вартість, звичайна ціна покупки Інвентарний номер Усього замовленно Повний номер виклику Штрих-код Дата останнього перегляду Ціна ефективна від Тип елемента Koha
    Universal Decimal Classification     АБ - Абонемент НБ АБ - Абонемент НБ 18/08/2014 28/2014 23.00 146162   81'374.823 Р75 146162 13/01/2022 18/08/2014 Книги
    Universal Decimal Classification     АБ - Абонемент НБ АБ - Абонемент НБ 18/08/2014 28/2014 23.00 146163   81'374.823 Р75 146163 13/01/2022 18/08/2014 Книги
    Universal Decimal Classification     ЧЗ - Читальна зала ЧЗ - Читальна зала 18/08/2014 28/2014 23.00 146164   81'374.823 Р75 146164 09/02/2022 18/08/2014 Книги